| 000 | 00446pab a2200169 454500 | ||
|---|---|---|---|
| 008 | 180718b2001 xxu||||| |||| 00| 0 eng d | ||
| 100 | _aMehta, Aasha Kapur | ||
| 245 | _aParliamentary debate on the Golden Jubilee of Independence: equity and social justice | ||
| 260 | _c2001 | ||
| 362 | _aAug 18 | ||
| 650 | _aSocial justice | ||
| 700 | _aArora, Dolly | ||
| 700 | _aKabra, K.N. | ||
| 773 | _aMainstream | ||
| 908 | _aN | ||
| 909 | _a107039 | ||
| 999 |
_c107034 _d107034 |
||